| 000 | 00935nac a22002171u 4500 | ||
|---|---|---|---|
| 008 | 100214t2010 xxu||||| |||| 00| 0 eng d | ||
| 020 | _a9780321523068(pbk.) | ||
| 020 | _a0321523067(pbk.) | ||
| 082 | 0 | 0 |
_a005.74 _bCON |
| 100 |
_aConnolly, Thomas M. _911362 |
||
| 245 | 1 | 0 |
_aDatabase Systems : _bA Practical Approach to Design, Implementation, and Management / _cThomas M. Connolly, Carolyn E. Begg. |
| 250 | _a5th ed. | ||
| 260 |
_aNew York : _bAddison-Wesley, _cc2010. |
||
| 300 |
_axliviii, 1242, A5, B12, C6, D6, E14, R16, FR14, IN24 p. : _bill. (some col.) ; _c24 cm. |
||
| 504 | _aIncludes bibliographical references and index. | ||
| 650 | 0 |
_aDatabase design. _911363 |
|
| 650 | 0 |
_aDatabase management. _911364 |
|
| 700 | 1 |
_aBegg, Carolyn E. _911365 |
|
| 942 |
_cBB _2ddc |
||
| 999 |
_c13382 _d13382 |
||